000 00319nam a22001217a 4500
999 _c533736
_d533736
040 _cdlc
082 _a304.25
_bSCH
100 _aE.Lisa F. Schipper ; Lan Burton
_927699
245 _aThe Earthscan Reader on Adaptation to Climate Change
260 _aIndia
_bRoutledge
_cc2009
300 _a459;pxv
942 _2ddc
_cBK